[Event "DEM U14w 2025"]
[Site "Willingen GER"]
[Date "2025.06.08"]
[Round "2"]
[White "Werner, Amelie"]
[Black "Huang, Jasmin Shuya"]
[Result "0-1"]
[Termination "normal"]
[Board "10"]
[WhiteElo "1544"]
[BlackElo "1795"]
[WhiteClock "00:58:29"]
[BlackClock "00:23:54"]
[PlyCount "128"]
[WhiteFideId "34639900"]
[BlackFideId "533015694"]
[EventCountry "GER"]
[EventRounds "9"]
[EventType "swiss"]
[EventDate "2025.06.07"]

1. e4 {[%clk 01:30:59]} {[%emt 00:00:01]} c5 {[%clk 01:30:54]} {[%emt
00:00:07]} 2. Nf3 {[%clk 01:31:23]} {[%emt 00:00:05]} e6 {[%clk 01:31:20]}
{[%emt 00:00:04]} 3. d4 {[%clk 01:31:46]} {[%emt 00:00:07]} cxd4 {[%clk
01:31:46]} {[%emt 00:00:04]} 4. Nxd4 {[%clk 01:32:12]} {[%emt 00:00:04]} Nc6
{[%clk 01:32:13]} {[%emt 00:00:03]} 5. Nc3 {[%clk 01:32:23]} {[%emt 00:00:19]}
Qc7 {[%clk 01:32:35]} {[%emt 00:00:08]} 6. Nxc6 {[%clk 01:32:22]} {[%emt
00:00:31]} bxc6 {[%clk 01:32:27]} {[%emt 00:00:38]} 7. Bd3 {[%clk 01:32:33]}
{[%emt 00:00:19]} Nf6 {[%clk 01:31:50]} {[%emt 00:01:07]} 8. O-O {[%clk
01:32:14]} {[%emt 00:00:49]} Be7 {[%clk 01:31:45]} {[%emt 00:00:36]} 9. Bg5
{[%clk 01:32:06]} {[%emt 00:00:37]} d5 {[%clk 01:28:50]} {[%emt 00:03:25]} 10.
Qe2 {[%clk 01:27:43]} {[%emt 00:04:52]} O-O {[%clk 01:22:52]} {[%emt 00:06:29]}
11. e5 {[%clk 01:25:45]} {[%emt 00:02:28]} Ne8 {[%clk 01:22:32]} {[%emt
00:00:49]} 12. Bxe7 {[%clk 01:25:20]} {[%emt 00:00:56]} Qxe7 {[%clk 01:22:56]}
{[%emt 00:00:06]} 13. f4 {[%clk 01:21:20]} {[%emt 00:04:30]} Bb7 {[%clk
01:11:26]} {[%emt 00:12:00]} 14. Rf3 {[%clk 01:19:13]} {[%emt 00:02:37]} c5
{[%clk 01:06:58]} {[%emt 00:04:59]} 15. Rh3 {[%clk 01:18:25]} {[%emt 00:01:18]}
f5 {[%clk 01:00:18]} {[%emt 00:07:10]} 16. Qh5 {[%clk 01:14:21]} {[%emt
00:04:33]} g6 {[%clk 00:58:14]} {[%emt 00:02:35]} 17. Qh6 {[%clk 01:14:12]}
{[%emt 00:00:39]} Qg7 {[%clk 00:56:49]} {[%emt 00:01:55]} 18. Qg5 {[%clk
01:14:31]} {[%emt 00:00:11]} Nc7 {[%clk 00:54:48]} {[%emt 00:02:31]} 19. Rf1
{[%clk 01:06:21]} {[%emt 00:08:40]} c4 {[%clk 00:48:28]} {[%emt 00:06:50]} 20.
Be2 {[%clk 01:06:33]} {[%emt 00:00:17]} Na6 {[%clk 00:48:20]} {[%emt 00:00:39]}
21. Nb5 {[%clk 01:06:17]} {[%emt 00:00:46]} Nc5 {[%clk 00:40:14]} {[%emt
00:08:35]} 22. Nd6 {[%clk 01:03:50]} {[%emt 00:02:56]} Ne4 {[%clk 00:37:35]}
{[%emt 00:03:10]} 23. Nxe4 {[%clk 01:03:53]} {[%emt 00:00:28]} fxe4 {[%clk
00:38:00]} {[%emt 00:00:05]} 24. b3 {[%clk 01:02:01]} {[%emt 00:02:22]} cxb3
{[%clk 00:33:50]} {[%emt 00:04:40]} 25. cxb3 {[%clk 01:02:24]} {[%emt
00:00:07]} d4 {[%clk 00:28:14]} {[%emt 00:06:05]} 26. Bc4 {[%clk 01:01:14]}
{[%emt 00:01:41]} Bd5 {[%clk 00:27:48]} {[%emt 00:00:56]} 27. Bxd5 {[%clk
00:59:48]} {[%emt 00:01:56]} exd5 {[%clk 00:28:14]} {[%emt 00:00:04]} 28. Rg3
{[%clk 01:00:11]} {[%emt 00:00:07]} Rf5 {[%clk 00:26:40]} {[%emt 00:02:03]} 29.
Qxf5 {[%clk 00:58:24]} {[%emt 00:02:17]} gxf5 {[%clk 00:27:01]} {[%emt
00:00:09]} 30. Rxg7+ {[%clk 00:58:50]} {[%emt 00:00:04]} Kxg7 {[%clk 00:27:27]}
{[%emt 00:00:04]} 31. Rc1 {[%clk 00:58:55]} {[%emt 00:00:26]} d3 {[%clk
00:17:56]} {[%emt 00:10:01]} 32. Rd1 {[%clk 00:54:53]} {[%emt 00:04:32]} Rc8
{[%clk 00:17:24]} {[%emt 00:01:01]} 33. Kf2 {[%clk 00:52:57]} {[%emt 00:02:26]}
d4 {[%clk 00:16:37]} {[%emt 00:01:17]} 34. a4 {[%clk 00:52:32]} {[%emt
00:00:55]} e3+ {[%clk 00:16:42]} {[%emt 00:00:25]} 35. Ke1 {[%clk 00:51:12]}
{[%emt 00:01:51]} d2+ {[%clk 00:17:03]} {[%emt 00:00:08]} 36. Ke2 {[%clk
00:51:29]} {[%emt 00:00:14]} Rc1 {[%clk 00:17:21]} {[%emt 00:00:12]} 37. Rxd2
{[%clk 00:51:40]} {[%emt 00:00:19]} exd2 {[%clk 00:17:38]} {[%emt 00:00:12]}
38. Kxd2 {[%clk 00:52:03]} {[%emt 00:00:07]} Rg1 {[%clk 00:16:34]} {[%emt
00:01:34]} 39. a5 {[%clk 00:52:22]} {[%emt 00:00:12]} Rxg2+ {[%clk 00:16:51]}
{[%emt 00:00:13]} 40. Kd3 {[%clk 00:52:47]} {[%emt 00:00:05]} Rb2 {[%clk
00:16:17]} {[%emt 00:01:03]} 41. Kxd4 {[%clk 00:52:21]} {[%emt 00:00:57]} Rxb3
{[%clk 00:16:15]} {[%emt 00:00:32]} 42. e6 {[%clk 00:52:29]} {[%emt 00:00:22]}
Kf6 {[%clk 00:16:21]} {[%emt 00:00:24]} 43. Kd5 {[%clk 00:52:18]} {[%emt
00:00:40]} Ke7 {[%clk 00:16:42]} {[%emt 00:00:08]} 44. Ke5 {[%clk 00:52:36]}
{[%emt 00:00:14]} Rb5+ {[%clk 00:16:58]} {[%emt 00:00:13]} 45. Kd4 {[%clk
00:52:56]} {[%emt 00:00:10]} Rxa5 {[%clk 00:17:24]} {[%emt 00:00:05]} 46. h4
{[%clk 00:53:18]} {[%emt 00:00:08]} Rb5 {[%clk 00:17:33]} {[%emt 00:00:21]} 47.
Kc4 {[%clk 00:53:38]} {[%emt 00:00:10]} Rb8 {[%clk 00:17:55]} {[%emt 00:00:08]}
48. Kd5 {[%clk 00:53:55]} {[%emt 00:00:13]} a5 {[%clk 00:18:17]} {[%emt
00:00:08]} 49. Ke5 {[%clk 00:54:19]} {[%emt 00:00:06]} Rb5+ {[%clk 00:18:40]}
{[%emt 00:00:07]} 50. Kd4 {[%clk 00:54:39]} {[%emt 00:00:09]} a4 {[%clk
00:19:03]} {[%emt 00:00:07]} 51. Kc4 {[%clk 00:55:01]} {[%emt 00:00:08]} Rb8
{[%clk 00:19:29]} {[%emt 00:00:04]} 52. Kd5 {[%clk 00:55:23]} {[%emt 00:00:08]}
a3 {[%clk 00:19:52]} {[%emt 00:00:08]} 53. Ke5 {[%clk 00:55:43]} {[%emt
00:00:10]} Rb5+ {[%clk 00:20:17]} {[%emt 00:00:05]} 54. Kd4 {[%clk 00:56:02]}
{[%emt 00:00:10]} a2 {[%clk 00:20:44]} {[%emt 00:00:04]} 55. Kc4 {[%clk
00:56:21]} {[%emt 00:00:10]} a1=Q {[%emt 00:00:06]} 56. Kxb5 {[%clk 00:56:40]}
{[%emt 00:00:11]} Kxe6 {[%clk 00:21:36]} {[%emt 00:00:03]} 57. h5 {[%clk
00:56:55]} {[%emt 00:00:15]} Qc3 {[%clk 00:21:59]} {[%emt 00:00:06]} 58. h6
{[%clk 00:57:17]} {[%emt 00:00:09]} Kd5 {[%clk 00:22:20]} {[%emt 00:00:08]} 59.
Kb6 {[%clk 00:57:36]} {[%emt 00:00:11]} Qc4 {[%clk 00:22:36]} {[%emt 00:00:14]}
60. Kb7 {[%clk 00:57:53]} {[%emt 00:00:13]} Qc5 {[%clk 00:22:57]} {[%emt
00:00:09]} 61. Kb8 {[%clk 00:57:18]} {[%emt 00:01:06]} Qc6 {[%clk 00:23:15]}
{[%emt 00:00:12]} 62. Ka7 {[%clk 00:57:40]} {[%emt 00:00:08]} Qb5 {[%clk
00:23:31]} {[%emt 00:00:13]} 63. Ka8 {[%clk 00:58:04]} {[%emt 00:00:06]} Kc6
{[%clk 00:23:57]} {[%emt 00:00:04]} 64. Ka7 {[%clk 00:58:29]} {[%emt 00:00:06]}
Qb7# {[%clk 00:23:54]} {[%emt 00:00:02]} 0-1

[Event "DEM U14w 2025"]
[Site "Willingen GER"]
[Date "2025.06.08"]
[Round "2"]
[White "Averkova, Mariia"]
[Black "Fettan, Nua"]
[Result "1-0"]
[Termination "normal"]
[Board "11"]
[WhiteElo "1759"]
[BlackElo "1576"]
[WhiteClock "00:37:27"]
[BlackClock "00:07:33"]
[PlyCount "55"]
[WhiteFideId "34651470"]
[BlackFideId "34637362"]
[EventCountry "GER"]
[EventRounds "9"]
[EventType "swiss"]
[EventDate "2025.06.07"]

1. e4 {[%clk 01:30:59]} e5 {[%clk 01:30:41]} {[%emt 00:00:19]} 2. Bc4 {[%clk
01:31:23]} {[%emt 00:00:07]} Nc6 {[%clk 01:29:15]} {[%emt 00:01:56]} 3. d3
{[%clk 01:31:48]} {[%emt 00:00:04]} Bc5 {[%clk 01:28:20]} {[%emt 00:01:25]} 4.
Nc3 {[%clk 01:32:12]} {[%emt 00:00:06]} d6 {[%clk 01:27:54]} {[%emt 00:00:56]}
5. Nf3 {[%clk 01:25:27]} {[%emt 00:07:15]} Bg4 {[%clk 01:27:21]} {[%emt
00:01:03]} 6. Nd5 {[%clk 01:21:27]} {[%emt 00:04:30]} Nd4 {[%clk 01:23:27]}
{[%emt 00:04:24]} 7. c3 {[%clk 01:13:24]} {[%emt 00:08:33]} Bxf3 {[%clk
01:21:04]} {[%emt 00:02:53]} 8. gxf3 {[%clk 01:13:26]} {[%emt 00:00:28]} Ne6
{[%clk 01:21:12]} {[%emt 00:00:11]} 9. Be3 {[%clk 01:11:15]} {[%emt 00:02:52]}
c6 {[%clk 01:16:46]} {[%emt 00:04:56]} 10. Bxc5 {[%clk 01:07:36]} {[%emt
00:04:09]} Nxc5 {[%clk 01:14:57]} {[%emt 00:02:19]} 11. Ne3 {[%clk 01:07:32]}
{[%emt 00:00:33]} Ne7 {[%clk 01:09:02]} {[%emt 00:06:26]} 12. d4 {[%clk
01:00:43]} {[%emt 00:07:19]} exd4 {[%clk 01:03:25]} {[%emt 00:06:07]} 13. Qxd4
{[%clk 01:00:13]} {[%emt 00:01:00]} O-O {[%clk 00:53:15]} {[%emt 00:10:41]} 14.
Rg1 {[%clk 00:59:37]} {[%emt 00:01:05]} g6 {[%clk 00:41:14]} {[%emt 00:12:31]}
15. Ng4 {[%clk 01:00:01]} {[%emt 00:00:07]} h5 {[%clk 00:37:12]} {[%emt
00:04:31]} 16. Nf6+ {[%clk 00:59:26]} {[%emt 00:01:05]} Kh8 {[%clk 00:31:58]}
{[%emt 00:05:44]} 17. Nd7+ {[%clk 00:50:44]} {[%emt 00:09:12]} Kg8 {[%clk
00:22:24]} {[%emt 00:10:04]} 18. Nf6+ {[%clk 00:49:16]} {[%emt 00:01:58]} Kh8
{[%clk 00:18:14]} {[%emt 00:04:41]} 19. Nxh5+ {[%clk 00:49:39]} {[%emt
00:00:06]} f6 {[%clk 00:17:47]} {[%emt 00:00:57]} 20. Qd2 {[%clk 00:49:25]}
{[%emt 00:00:44]} g5 {[%clk 00:17:17]} {[%emt 00:01:00]} 21. h4 {[%clk
00:48:08]} {[%emt 00:01:46]} d5 {[%clk 00:14:43]} {[%emt 00:03:05]} 22. Qe3
{[%clk 00:43:48]} {[%emt 00:04:50]} Nxe4 {[%clk 00:14:19]} {[%emt 00:00:54]}
23. fxe4 {[%clk 00:42:28]} {[%emt 00:01:49]} dxc4 {[%clk 00:14:23]} {[%emt
00:00:27]} 24. hxg5 {[%clk 00:41:23]} {[%emt 00:01:35]} Nd5 {[%clk 00:10:12]}
{[%emt 00:04:41]} 25. Qh3 {[%clk 00:40:04]} {[%emt 00:01:46]} fxg5 {[%clk
00:09:13]} {[%emt 00:01:31]} 26. Nf4+ {[%clk 00:37:05]} {[%emt 00:03:29]} Kg8
{[%clk 00:08:34]} {[%emt 00:01:10]} 27. Qe6+ {[%clk 00:37:05]} {[%emt
00:00:30]} Rf7 {[%clk 00:07:33]} {[%emt 00:01:31]} 28. Qg6+ {[%clk 00:37:27]}
{[%emt 00:00:07]} 1-0

[Event "DEM U14w 2025"]
[Site "Willingen GER"]
[Date "2025.06.08"]
[Round "2"]
[White "Shakhimardanova, Nigina"]
[Black "Bakó, Isabella"]
[Result "1-0"]
[Termination "normal"]
[Board "12"]
[WhiteElo "1534"]
[BlackElo "1654"]
[WhiteClock "01:29:29"]
[BlackClock "00:03:52"]
[PlyCount "93"]
[WhiteFideId "34648437"]
[BlackFideId "16287266"]
[EventCountry "GER"]
[EventRounds "9"]
[EventType "swiss"]
[EventDate "2025.06.07"]

1. e4 {[%clk 01:30:59]} c5 {[%clk 01:30:53]} {[%emt 00:00:08]} 2. Nf3 {[%clk
01:31:25]} {[%emt 00:00:03]} a6 {[%clk 01:31:12]} {[%emt 00:00:12]} 3. d4
{[%clk 01:31:28]} {[%emt 00:00:27]} cxd4 {[%clk 01:31:34]} {[%emt 00:00:08]} 4.
Nxd4 {[%clk 01:31:51]} {[%emt 00:00:06]} Nf6 {[%clk 01:31:54]} {[%emt
00:00:11]} 5. Nc3 {[%clk 01:32:07]} {[%emt 00:00:14]} e5 {[%clk 01:32:13]}
{[%emt 00:00:10]} 6. Nf3 {[%clk 01:32:21]} {[%emt 00:00:16]} Bb4 {[%clk
01:30:51]} {[%emt 00:01:53]} 7. Nxe5 {[%clk 01:30:18]} {[%emt 00:02:33]} Qc7
{[%clk 00:52:09]} {[%emt 00:39:12]} 8. Qd4 {[%clk 01:28:38]} {[%emt 00:02:08]}
Bc5 {[%clk 00:45:58]} {[%emt 00:06:43]} 9. Nd5 {[%clk 01:26:43]} {[%emt
00:02:25]} Qa5+ {[%clk 00:41:55]} {[%emt 00:04:33]} 10. Qd2 {[%clk 01:23:35]}
{[%emt 00:03:37]} Qxd2+ {[%clk 00:40:22]} {[%emt 00:02:03]} 11. Bxd2 {[%clk
01:24:01]} {[%emt 00:00:04]} Nxd5 {[%clk 00:40:03]} {[%emt 00:00:49]} 12. exd5
{[%clk 01:24:24]} {[%emt 00:00:06]} Bd4 {[%clk 00:38:59]} {[%emt 00:01:35]} 13.
Bc3 {[%clk 01:24:20]} {[%emt 00:00:34]} Bxc3+ {[%clk 00:39:00]} {[%emt
00:00:29]} 14. bxc3 {[%clk 01:24:44]} {[%emt 00:00:06]} d6 {[%clk 00:38:57]}
{[%emt 00:00:34]} 15. Nd3 {[%clk 01:24:59]} {[%emt 00:00:14]} b5 {[%clk
00:38:51]} {[%emt 00:00:37]} 16. a4 {[%clk 01:24:59]} {[%emt 00:00:29]} Bb7
{[%clk 00:37:53]} {[%emt 00:01:29]} 17. axb5 {[%clk 01:25:02]} {[%emt
00:00:26]} axb5 {[%clk 00:37:54]} {[%emt 00:00:28]} 18. Rxa8 {[%clk 01:25:22]}
{[%emt 00:00:11]} Bxa8 {[%clk 00:38:21]} {[%emt 00:00:04]} 19. Nb4 {[%clk
01:25:45]} {[%emt 00:00:06]} O-O {[%clk 00:37:38]} {[%emt 00:01:13]} 20. Bxb5
{[%clk 01:26:05]} {[%emt 00:00:11]} Rc8 {[%clk 00:33:16]} {[%emt 00:04:48]} 21.
Kd2 {[%clk 01:26:18]} {[%emt 00:00:20]} Rc5 {[%clk 00:31:07]} {[%emt 00:02:39]}
22. c4 {[%clk 01:26:30]} {[%emt 00:00:19]} Rc8 {[%clk 00:30:04]} {[%emt
00:01:33]} 23. Re1 {[%clk 01:26:53]} {[%emt 00:00:06]} Kf8 {[%clk 00:28:57]}
{[%emt 00:01:37]} 24. Re4 {[%clk 01:26:57]} {[%emt 00:00:24]} Bb7 {[%clk
00:27:45]} {[%emt 00:01:45]} 25. Rh4 {[%clk 01:27:01]} {[%emt 00:00:24]} Kg8
{[%clk 00:26:41]} {[%emt 00:01:34]} 26. Kd3 {[%clk 01:27:20]} {[%emt 00:00:12]}
h6 {[%clk 00:19:37]} {[%emt 00:07:35]} 27. Kd4 {[%clk 01:27:19]} {[%emt
00:00:30]} Rc5 {[%clk 00:17:31]} {[%emt 00:02:36]} 28. c3 {[%clk 01:26:33]}
{[%emt 00:01:15]} Rc8 {[%clk 00:17:29]} {[%emt 00:00:33]} 29. Nd3 {[%clk
01:26:42]} {[%emt 00:00:21]} Rd8 {[%clk 00:14:13]} {[%emt 00:03:44]} 30. Re4
{[%clk 01:26:25]} {[%emt 00:00:48]} Kf8 {[%clk 00:14:21]} {[%emt 00:00:24]} 31.
Nb4 {[%clk 01:26:07]} {[%emt 00:00:47]} Rc8 {[%clk 00:13:54]} {[%emt 00:00:57]}
32. f4 {[%clk 01:25:54]} {[%emt 00:00:43]} g6 {[%clk 00:07:28]} {[%emt
00:06:56]} 33. g4 {[%clk 01:26:13]} {[%emt 00:00:10]} h5 {[%clk 00:02:24]}
{[%emt 00:05:35]} 34. gxh5 {[%clk 01:26:38]} {[%emt 00:00:05]} gxh5 {[%clk
00:02:45]} {[%emt 00:00:09]} 35. f5 {[%clk 01:27:02]} {[%emt 00:00:06]} Rd8
{[%clk 00:01:59]} {[%emt 00:01:16]} 36. f6 {[%clk 01:27:16]} {[%emt 00:00:16]}
Bc8 {[%clk 00:01:31]} {[%emt 00:00:58]} 37. Re7 {[%clk 01:27:11]} {[%emt
00:00:34]} Bg4 {[%clk 00:01:20]} {[%emt 00:00:42]} 38. Rb7 {[%clk 01:27:31]}
{[%emt 00:00:10]} Nd7 {[%clk 00:01:42]} {[%emt 00:00:08]} 39. Bxd7 {[%clk
01:27:19]} {[%emt 00:00:42]} Bxd7 {[%clk 00:01:57]} {[%emt 00:00:15]} 40. Nc6
{[%clk 01:27:40]} {[%emt 00:00:09]} Bxc6 {[%clk 00:02:09]} {[%emt 00:00:18]}
41. dxc6 {[%clk 01:28:05]} {[%emt 00:00:06]} Kg8 {[%clk 00:02:04]} {[%emt
00:00:34]} 42. c7 {[%clk 01:28:21]} {[%emt 00:00:13]} Rc8 {[%clk 00:02:19]}
{[%emt 00:00:16]} 43. Rb8 {[%clk 01:28:46]} {[%emt 00:00:05]} Rxb8 {[%clk
00:02:45]} {[%emt 00:00:04]} 44. cxb8=Q+ {[%emt 00:00:09]} Kh7 {[%clk
00:03:04]} {[%emt 00:00:07]} 45. Qxd6 {[%clk 01:29:29]} {[%emt 00:00:12]} h4
{[%clk 00:03:29]} {[%emt 00:00:05]} 46. Qf8 {[%clk 01:29:38]} {[%emt 00:00:21]}
h3 {[%clk 00:03:52]} {[%emt 00:00:07]} 47. Qg7# {[%clk 01:29:29]} {[%emt
00:00:09]} 1-0

[Event "DEM U14w 2025"]
[Site "Willingen GER"]
[Date "2025.06.08"]
[Round "2"]
[White "Briese, Sophie"]
[Black "Börner, Emma Charlotte"]
[Result "1-0"]
[Termination "normal"]
[Board "13"]
[WhiteElo "1499"]
[BlackElo "1655"]
[WhiteClock "00:08:39"]
[BlackClock "00:01:14"]
[PlyCount "103"]
[WhiteFideId "34660305"]
[BlackFideId "34637907"]
[EventCountry "GER"]
[EventRounds "9"]
[EventType "swiss"]
[EventDate "2025.06.07"]

1. e4 {[%clk 01:30:55]} {[%emt 00:00:04]} c5 {[%clk 01:30:51]} {[%emt
00:00:09]} 2. Nf3 {[%clk 01:31:16]} {[%emt 00:00:09]} Nc6 {[%clk 01:31:14]}
{[%emt 00:00:08]} 3. d4 {[%clk 01:31:14]} {[%emt 00:00:31]} cxd4 {[%clk
01:31:22]} {[%emt 00:00:22]} 4. Nxd4 {[%clk 01:31:25]} {[%emt 00:00:20]} Nf6
{[%clk 01:31:43]} {[%emt 00:00:09]} 5. Nc3 {[%clk 01:28:45]} {[%emt 00:03:10]}
e5 {[%clk 01:31:32]} {[%emt 00:00:41]} 6. Ndb5 {[%clk 01:20:58]} {[%emt
00:08:17]} d6 {[%clk 01:29:39]} {[%emt 00:02:22]} 7. Nd5 {[%clk 01:16:48]}
{[%emt 00:04:40]} Nxd5 {[%clk 01:27:55]} {[%emt 00:02:14]} 8. exd5 {[%clk
01:16:05]} {[%emt 00:01:12]} Ne7 {[%clk 01:26:34]} {[%emt 00:01:53]} 9. c4
{[%clk 01:14:19]} {[%emt 00:02:16]} a6 {[%clk 01:26:19]} {[%emt 00:00:45]} 10.
Nc3 {[%clk 01:13:50]} {[%emt 00:00:59]} Ng6 {[%clk 01:24:33]} {[%emt 00:02:16]}
11. Bd3 {[%clk 01:10:30]} {[%emt 00:03:49]} f5 {[%clk 01:22:50]} {[%emt
00:02:14]} 12. O-O {[%clk 01:06:20]} {[%emt 00:04:40]} Qf6 {[%clk 01:20:07]}
{[%emt 00:03:12]} 13. Na4 {[%clk 01:01:04]} {[%emt 00:05:46]} e4 {[%clk
01:11:21]} {[%emt 00:09:16]} 14. Nb6 {[%clk 01:00:27]} {[%emt 00:01:08]} Rb8
{[%clk 01:08:32]} {[%emt 00:03:19]} 15. Qa4+ {[%clk 00:59:45]} {[%emt
00:01:12]} Kf7 {[%clk 01:08:24]} {[%emt 00:00:38]} 16. Bc2 {[%clk 00:52:20]}
{[%emt 00:07:53]} Be7 {[%clk 01:07:02]} {[%emt 00:01:53]} 17. Kh1 {[%clk
00:48:29]} {[%emt 00:04:21]} Rd8 {[%clk 01:03:33]} {[%emt 00:03:59]} 18. f3
{[%clk 00:46:03]} {[%emt 00:02:56]} exf3 {[%clk 00:59:39]} {[%emt 00:04:24]}
19. Rxf3 {[%clk 00:45:22]} {[%emt 00:01:11]} Qe5 {[%clk 00:54:32]} {[%emt
00:05:36]} 20. Rf1 {[%clk 00:42:01]} {[%emt 00:03:51]} Kg8 {[%clk 00:51:57]}
{[%emt 00:03:06]} 21. Nxc8 {[%clk 00:39:27]} {[%emt 00:03:04]} Rbxc8 {[%clk
00:51:35]} {[%emt 00:00:52]} 22. Bxf5 {[%clk 00:37:28]} {[%emt 00:02:28]} Rf8
{[%clk 00:49:42]} {[%emt 00:02:24]} 23. Qc2 {[%clk 00:33:28]} {[%emt 00:04:30]}
Nh4 {[%clk 00:47:13]} {[%emt 00:02:58]} 24. Bxh7+ {[%clk 00:32:11]} {[%emt
00:01:48]} Kh8 {[%clk 00:45:50]} {[%emt 00:01:53]} 25. Bd3 {[%clk 00:24:18]}
{[%emt 00:08:23]} Qe4 {[%clk 00:37:15]} {[%emt 00:09:05]} 26. Bg5 {[%clk
00:18:34]} {[%emt 00:06:13]} Rxf1+ {[%clk 00:33:45]} {[%emt 00:04:00]} 27. Rxf1
{[%clk 00:18:44]} {[%emt 00:00:21]} Qe5 {[%clk 00:33:48]} {[%emt 00:00:26]} 28.
Bxe7 {[%clk 00:17:18]} {[%emt 00:01:57]} Qxe7 {[%clk 00:31:44]} {[%emt
00:02:33]} 29. Qd1 {[%clk 00:15:43]} {[%emt 00:02:03]} Qg5 {[%clk 00:27:22]}
{[%emt 00:04:54]} 30. Qe2 {[%clk 00:14:33]} {[%emt 00:01:36]} g6 {[%clk
00:21:30]} {[%emt 00:06:27]} 31. Qf2 {[%clk 00:12:55]} {[%emt 00:02:04]} Re8
{[%clk 00:18:03]} {[%emt 00:04:00]} 32. g3 {[%clk 00:10:29]} {[%emt 00:02:56]}
Nf5 {[%clk 00:17:49]} {[%emt 00:00:44]} 33. Bxf5 {[%clk 00:10:28]} {[%emt
00:00:31]} gxf5 {[%clk 00:16:50]} {[%emt 00:01:30]} 34. Qxf5 {[%clk 00:10:02]}
{[%emt 00:00:56]} Qxf5 {[%clk 00:16:45]} {[%emt 00:00:35]} 35. Rxf5 {[%clk
00:10:26]} {[%emt 00:00:06]} Re1+ {[%clk 00:16:53]} {[%emt 00:00:22]} 36. Kg2
{[%clk 00:10:42]} {[%emt 00:00:13]} Re2+ {[%clk 00:17:16]} {[%emt 00:00:07]}
37. Rf2 {[%clk 00:11:05]} {[%emt 00:00:08]} Re4 {[%clk 00:16:29]} {[%emt
00:01:15]} 38. b3 {[%clk 00:11:18]} {[%emt 00:00:19]} Kg7 {[%clk 00:16:00]}
{[%emt 00:00:58]} 39. h4 {[%clk 00:10:47]} {[%emt 00:01:02]} Kg6 {[%clk
00:15:21]} {[%emt 00:01:08]} 40. Kh3 {[%clk 00:10:06]} {[%emt 00:01:07]} Re3
{[%clk 00:14:41]} {[%emt 00:01:14]} 41. Rf8 {[%clk 00:09:58]} {[%emt 00:00:39]}
Re2 {[%clk 00:13:21]} {[%emt 00:01:49]} 42. Rb8 {[%clk 00:10:03]} {[%emt
00:00:26]} Rxa2 {[%clk 00:12:53]} {[%emt 00:00:58]} 43. Rxb7 {[%clk 00:10:24]}
{[%emt 00:00:09]} a5 {[%clk 00:11:58]} {[%emt 00:01:25]} 44. Rb6 {[%clk
00:10:18]} {[%emt 00:00:36]} Ra1 {[%clk 00:11:57]} {[%emt 00:00:31]} 45. Rxd6+
{[%clk 00:10:15]} {[%emt 00:00:33]} Kf5 {[%clk 00:11:41]} {[%emt 00:00:46]} 46.
Ra6 {[%clk 00:08:54]} {[%emt 00:01:50]} Ra3 {[%clk 00:11:35]} {[%emt 00:00:36]}
47. d6 {[%clk 00:08:54]} {[%emt 00:00:31]} Rxb3 {[%clk 00:11:17]} {[%emt
00:00:47]} 48. Rxa5+ {[%clk 00:09:10]} {[%emt 00:00:14]} Ke6 {[%clk 00:06:09]}
{[%emt 00:05:38]} 49. Rd5 {[%clk 00:08:38]} {[%emt 00:01:01]} Kd7 {[%clk
00:04:51]} {[%emt 00:01:49]} 50. c5 {[%clk 00:08:48]} {[%emt 00:00:21]} Kc6
{[%clk 00:02:04]} {[%emt 00:03:17]} 51. d7 {[%clk 00:08:29]} {[%emt 00:00:49]}
Rb5 {[%clk 00:01:14]} {[%emt 00:01:20]} 52. d8=Q {[%clk 00:08:39]} {[%emt
00:00:17]} 1-0